书目信息 |
| 题名: |
MOS场效应晶体管的应用
|
|
| 作者: | 菅野卓雄 , 垂井康夫 著 ;黄振岗 译 | |
| 分册: | ||
| 出版信息: | 北京 人民邮电出版社 1982 |
|
| 页数: | 333页 | |
| 开本: | 19cm | |
| 丛书名: | ||
| 单 册: | ||
| 中图分类: | TN386.1 | |
| 科图分类: | ||
| 主题词: | MOS场效应晶体管--应用 | |
| 电子资源: | ||
| ISBN: | ||
| 000 | 00784nam0 2200253 45 | |
| 001 | 0182006476 | |
| 005 | 20060813151427.45 | |
| 010 | @dCNY1.15 | |
| 091 | @aCN@b15045.总2585-有5247 | |
| 100 | @a19950111d1982 emky0chiy0121 ea | |
| 101 | 1 | @achi@cjpn |
| 102 | @aCN@b110000 | |
| 105 | @ay z 000yy | |
| 200 | 10 | @aMOS场效应晶体管的应用@AMOS chang xiao ying jing ti guan de ying yong@f(日)菅野卓雄,(日)垂井康夫编@g黄振岗译 |
| 210 | @a北京@c人民邮电出版社@d1982 | |
| 215 | @a333页@d19cm | |
| 606 | @aMOS场效应晶体管@x应用 | |
| 690 | @aTN386.1@v3 | |
| 701 | 0 | @a菅野卓雄@Ajian ye zhuo xiong@4著 |
| 701 | 0 | @a垂井康夫@Achui jing kang fu@4著 |
| 702 | 0 | @a黄振岗@Ahuang zhen gang@4译 |
| 801 | 0 | @aCN@bTSSF@c20060813 |
| 801 | 2 | @aCN@bNLC@c20060718 |
| 905 | @a10447@dTN386.1@e6 | |
| MOS场效应晶体管的应用/(日)菅野卓雄,(日)垂井康夫编/黄振岗译.-北京:人民邮电出版社,1982 |
| 333页;19cm |
| ISBN :CNY1.15 |
| ● |
| 相关链接 |
|
|
|
|
正题名:MOS场效应晶体管的应用
索取号:TN386.1/6
 
预约/预借
| 序号 | 登录号 | 条形码 | 馆藏地/架位号 | 状态 | 备注 |
| 1 | 0437361 | 204373613 | 密集书库/ [索取号:TN386.1/6] | 在馆 | |
| 2 | 0437362 | 204373622 | 密集书库/ [索取号:TN386.1/6] | 在馆 | |
| 3 | 0452572 | 204525727 | 密集书库/ [索取号:TN386.1/6] | 在馆 |